The artist's body
Αποθηκεύτηκε σε:
| Άλλοι συγγραφείς: | |
|---|---|
| Μορφή: | Βιβλίο |
| Γλώσσα: | English |
| Δημοσίευση: |
London :
Phaidon,
c2000
|
| Σειρά: | Themes and movements
|
| Θέματα: | |
| Ετικέτες: |
Προσθήκη ετικέτας
Δεν υπάρχουν, Καταχωρήστε ετικέτα πρώτοι!
|
MARC
| LEADER | 00000nam a2200000 i 4500 | ||
|---|---|---|---|
| 001 | 1/90960 | ||
| 008 | 080714s2000 eng d | ||
| 020 | |a 0-7148-4701-1 | ||
| 020 | |a 978-0-7148-4701-6 | ||
| 035 | |l 10098931 | ||
| 040 | |a GR-MY-UA |b gre |e aacr | ||
| 041 | 0 | |a eng | |
| 082 | 0 | |a 700.9045 |2 (22) | |
| 245 | 1 | 4 | |a The artist's body / |c edited by Tracey Warr ; survey by Amelia Jones |
| 260 | |a London : |b Phaidon, |c c2000 | ||
| 300 | |a 304 σ.; |b εικ. (μερ. έγχρ.); |c 29 εκ. | ||
| 490 | 1 | |a Themes and movements | |
| 504 | |a Βιβλιογραφία: σ. 298-300. Ευρετήριο | ||
| 650 | 0 | 0 | |a Body art. |
| 650 | 0 | 0 | |a Performance art. |
| 650 | 0 | 0 | |a Artists and models in art. |
| 650 | 0 | 0 | |a Art, Modern |y 20th century. |
| 700 | 1 | |a Warr, Tracey. |4 edt | |
| 700 | 1 | |a Jones, Amelia. |4 oth | |
| 830 | 0 | |a Themes and movements | |
| 852 | |a INST |b SYROS |e 20080714 |h 700.9045 ART |p 005500005681 |q 005500005681 |t BK |y 0 | ||
| 901 | |a BIBL5-2008-2 | ||
| 909 | |a Ε |b 140697 | ||
| 922 | |a 5ΕΛΗ |b 200711 |c ΕΠΕΑΕΚ2/ΤΜΣΠΣ |d ΠΑΠΑΣΩΤΗΡΙΟΥ | ||
| 970 | |a ΚΟΝΤΟΥ |b ΠΑΡΑΣΚΕΥΗ |z 2008/07/14 | ||